Представление документа в формате RUSMARC

ПолеНазваниеЗначение
  Тип записи c
  Библиографический уровень m
001 Контрольный номер RU/УОНБ/EK_N/695837794
005 Дата корректировки 20250520121934.4
013 Номер (ISMN) __
a Номер (ISMN) 979-0-66010-144-5
d Цена 374 р.
071 Издательские номер (звукозапись и ноты) 21
a Номер, присвоенный агентством 17731
100 Данные общей обработки __
a Данные общей обработки 20220118d2020 u y0rusy0189||||ca
101 Язык документа 0_
a Язык текста rus
f Язык титульного листа rus
102 Страна публикации __
a Страна публикации RU
105 Кодированные данные (монография) __
a Кодированные данные (монография) y###||||000|y
125 Кодированные данные звукозаписи и нотных изданий __
a Форма изложения нотного текста с|
128 Кодированные данные (звукозаписи-физические характеристики) __
a Кодированные данные: Музыкальная форма и тональность или лад zz
c Инструменты или голоса, рекомендуемые для солистов (устаревшее) kt||
200 Заглавие и сведения об ответственности 1_
a Заглавие Из репертуара И. Пурица
b Общее обозначение материала Ноты
e Сведения, относящиеся к заглавию произведения для баяна
210 Выходные данные 1_
a Место издания Москва
c Издательство Музыка
d Дата издания [2020]
215 Физическое описание __
a Объем 84 с.
d Формат 29 см
327 Примечание о содержании 11
a Примечание о содержании Содерж. : Лист Ф. - Горовиц В. Ракоцци-марш ; Прокофьев С. Наваждение : соч. 4 № 4 / перелож. И. Пурица-мл. - Щедрин Р. Токката : 2 ч. из "Симфонии № 1" : соч. 14 / транскр. И. Пурица-ст. - Броннер М. Страсти по Шагалу : большая соната для баяна : Во все мои дни ; Почему? ; Голоса моих картин / исполн. ред. И. Пурица-мл.
464 Аналитический уровень _0
1 2001
a Ракоцци-марш
1 700 1
a Лист
b Ф.
1 701 1
a Горовиц
b В.
1 702 1
a Пурица-мл.
b И.
4 030
464 Аналитический уровень _0
1 2001
a Токката
e 2 ч. из "Симфонии № 1"
e соч. 14
1 700 1
a Щедрин
b Р.
1 702 1
a Пурица-ст.
b И.
4 030
1 50010
a Симфония № 1
464 Аналитический уровень _0
1 2001
a Во все мои дни
e из большой сонаты для баяна "Страсти по Шагалу"
1 700 1
a Броннер
b М.
1 702 1
a Пурица-мл.
b И.
4 340
1 50010
a Страсти по Шагалу
464 Аналитический уровень _0
1 2001
a Наваждение
e соч. 4 № 4
1 700 1
a Прокофьев
b С.
1 702 1
a Пурица-мл.
b И.
4 030
464 Аналитический уровень _0
1 2001
a Почему?
e из большой сонаты для баяна "Страсти по Шагалу"
1 700 1
a Броннер
b М.
1 702 1
a Пурица-мл.
b И.
4 340
1 50010
a Страсти по Шагалу
464 Аналитический уровень _0
1 2001
a Голоса моих картин
e из большой сонаты для баяна "Страсти по Шагалу"
1 700 1
a Броннер
b М.
1 702 1
a Пурица-мл.
b И.
4 340
1 50010
a Страсти по Шагалу
512 Заглавие обложки 1_
a Заглавие обложки Из репертуара И. Пурица
606 Тематические рубрики 0_
a Основная рубрика Баян
x Основная подрубрика Произведения
610 Ключевые слова 0_
a Ключевые слова баян
610 Ключевые слова 0_
a Ключевые слова произведения
686 Индексы других классификаций __
a Классификационный индекс 85.954.6я43
2 Код системы rubbk
801 Источник записи _0
a Страна RU
b Организация Ульяновская ОНБ
c Дата составления 20220118
g Правила каталогизации RCR
801 Источник записи _1
a Страна RU
b Организация Ульяновская ОНБ
c Дата составления 20220118
g Правила каталогизации RCR
901 Тип документа __
t Тип документа m
909 Создатель записи __
a Создатель записи Лобина Л. И.
910 Корректоры записи __
a Корректор записи Васина
938 Служебная информация __
a Имя БД noti
b Имя библиотеки УОНБ
c Имя АИБС МАРК-SQL
d Номер DOC_ID в БД 25245